• 首页
  • 本馆介绍
  • 公告通知
  • 最新文献
  • 馆藏检索
  • 电子资源
  • 读者导购
  • 参考咨询
  • 我的图书馆
  • 登录
  • 详细信息显示
  • 放入我的书架
  • 预约/预借图书
  • 作者相关作品
  • 分类相关作品
  • 丛书相关作品
  • 出版社相关作品

书目信息

  • 表格格式
  • 工作单格式
  • 卡片格式
题名:
查拳
    
 
作者: 常振芳 , 张文广 整理
分册:  
出版信息: 北京   人民体育出版社  1981
页数: 60页
开本: 19cm
丛书名:
单 册:
中图分类: G852.12 , G852.1
科图分类:
主题词: 查拳-套路(武术) , 套路(武术)-查拳 , 武术 , 民族形式体育
电子资源:
ISBN:
000 00781nam0 2200301 45
001 0181008924
005 20040506153504.6
010    @dCNY0.19
091    @a701501955
100    @a19950527d1981 em y0chiy0121 ea
101 0  @achi
102    @aCN@b110000
105    @aa z 000yy
106    @ar
200 10 @a查拳@Acha quan@e综合套路@f常振芳,张文广整理
210    @a北京@c人民体育出版社@d1981
215    @a60页@c插图@d19cm
606    @a查拳-套路(武术)
606    @a套路(武术)-查拳
606 0  @a武术
606 0  @a民族形式体育
690    @aG852.12@v3
690    @aG852.1
701  0 @a常振芳@Achang zhen fang@4整理
701  0 @a张文广@Azhang wen guang@4整理
801  0 @aCN@b上海图书馆@c20040506
801  2 @aCN@bNLC@c20040506
905    @f1@b217447@dG852.1@e43
    
    查拳:综合套路/常振芳,张文广整理.-北京:人民体育出版社,1981
    60页:插图;19cm
    
    
    ISBN :CNY0.19
    
●
相关链接 在E读中查询图书 在五车中查询图书 在当当中查询图书 在豆瓣中查询图书


正题名:查拳     索取号:G852.1/43         预约/预借

序号 登录号 条形码 馆藏地/架位号 状态 备注
1 0178453   000992251   第一样本阅览室/ [索取号:G852.1/43] 在馆    
2 0217447   000992260   密集书库/ [索取号:G852.1/43] 在馆    
唐山师范学院图书馆 欢迎您!
大连网信软件有限公司© 版权所有